01513 a2200241 45000010006000000050017000060080041000230030015000640400040000790800141001192450033002602640044002933000024003375050708003610410008010691000026010777000021011037000025011247000037011497000028011867000029012147000028012436096120260407155859.0260407a1987 arg spa dAR-UNSa-BCEJYS aAR-UNSa-BCEJYSbspacAR-UNSa-BCEJYS a342.24xFederalismo. Sistema federal. Estados federales. Estados autonómicos. Repúblicas autónomas (Derecho Público Provincial) 10aDerecho público provincial 1aBuenos Aires :bEdiciones Depalmac1987 axix, 418 p.c23 cm. a1. Derecho público provincial - 2. Autonomía y dependencia en las provincias - 3. El poder constituyente en las provincias - 4. El Estado Provincial - 5. La Provincia en la Nación - 6. La Región - 7. Los derechos y garantías en las constituciones provinciales - 8. Sistemas electorales - 9. Poder Legislativo en las provincias - 10. El Poder Ejecutivo en las provincias - 11. Poder Judicial - 12. Juicio Político y Jury de Enjuiciamiento - 13. Dominio y Jurisdicción de la Nación y las provincias - 14. Régimen Financiero - 15. Servicios provinciales - 16. La Regla Federal en La Constitución - 17. Federalismo como sistema - 18. Metrópoli y país: una relación a equilibrar -  aspa1 aFrías, Pedro José1 aBerardo, Rodolfo1 aCordeiro Pinto, Luis1 aHernández, Antonio María (h)1 aIturrez, Arturo Horacio1 aVergara, Ricardo Alberto1 aZarza Mensaque, Alberto